[Event "Jacques Lemans op 23rd"]
[Site "St Veit"]
[Date "2004.07.15"]
[Round "6"]
[White "Pitro, Erwin"]
[Black "Tomitz, Hermann"]
[Result "0-1"]
[WhiteElo "2002"]
[BlackElo "2109"]
[PlyCount "64"]
[EventDate "2004.07.10"]
[EventType "swiss"]
[EventRounds "9"]
[EventCountry "AUT"]
[SourceTitle "CBM 101 Extra"]
[Source "ChessBase"]
[SourceDate "2004.09.01"]
[SourceVersion "2"]
[SourceVersionDate "2004.09.01"]
[SourceQuality "1"]

1. Nf3 Nf6 2. b3 g6 3. Bb2 Bg7 4. e3 0-0 5. Be2 d6 6. d4 c6 7. 0-0 Nbd7 8. c4 Re8 9. Nc3 e5 10. dxe5 dxe5 11. Qc2 Qc7 12. e4 Nf8 13. Rad1 Bg4 14. h3 Bxf3 15. Bxf3 Ne6 16. Ne2 Bf8 17. g3 Bc5 18. h4 h5 19. Kg2 g5 20. hxg5 Nxg5 21. Bc1 Nxf3 22. Kxf3 Qc8 23. Kg2 Qg4 24. f3 Qg6 25. Rh1 Kg7 26. Rh4 Rad8 27. Rxd8 Rxd8 28. Rh1 a5 29. Nc3 Rh8 30. Rh4 Rg8 31. Qd3 Kh8 32. Ne2 Be7 0-1

[Event "AUT-chT Seniors 2nd"]
[Site "Maria Alm"]
[Date "2003.09.08"]
[Round "1"]
[White "Schandl, Johann"]
[Black "Pitro, Erwin"]
[Result "0-1"]
[WhiteElo "2021"]
[BlackElo "1973"]
[PlyCount "90"]
[EventDate "2003.09.??"]
[EventType "team"]
[EventRounds "5"]
[EventCountry "AUT"]
[SourceTitle "EXT 2006"]
[Source "ChessBase"]
[SourceDate "2005.11.24"]
[SourceVersion "1"]
[SourceVersionDate "2005.11.24"]
[SourceQuality "1"]

1. e4 c6 2. Nf3 g6 3. d4 Bg7 4. Nc3 Nh6 5. Bf4 f6 6. Qd2 Nf7 7. Bc4 e6 8. d5 e5 9. Be3 Qe7 10. Rd1 0-0 11. d6 Qe8 12. Bh6 b6 13. Bxg7 Kxg7 14. h4 Na6 15. h5 g5 16. a3 Nc5 17. b4 Nb7 18. Bxf7 Rxf7 19. Nh2 Nd8 20. Ng4 Ne6 21. Ne2 Ba6 22. Ng3 Nf4 23. Nf5+ Kh8 24. Rh2 Be2 25. Ngh6 Bxd1 26. Nxf7+ Qxf7 27. Qxd1 Qc4 28. f3 Qc3+ 29. Qd2 Qxa3 30. Ne7 a5 31. g3 Ne6 32. bxa5 bxa5 33. c3 Rb8 34. Re2 Qc5 35. Kf1 a4 36. Qc1 Qxd6 37. Nf5 Qd3 38. Kf2 Rb3 39. Rb2 Nc5 40. Rxb3 axb3 41. Qa3 Qc4 42. Qa8+ Qg8 43. Qa3 b2 44. Qxc5 b1Q 45. Qe7 Qb6+ 0-1

[Event "Wch Seniors 13th"]
[Site "Bad Zwischenahn"]
[Date "2003.??.??"]
[Round "?"]
[White "Daniel, Wolfgang"]
[Black "Pitro, Erwin"]
[Result "1/2-1/2"]
[WhiteElo "1930"]
[BlackElo "1945"]
[PlyCount "21"]
[EventDate "2003.11.16"]
[EventType "swiss"]
[EventRounds "11"]
[EventCountry "GER"]
[SourceTitle "CBM 097 Extra"]
[Source "ChessBase"]
[SourceDate "2004.01.13"]
[SourceVersion "1"]
[SourceVersionDate "2004.01.13"]
[SourceQuality "1"]

1. e4 g6 2. d4 Nh6 3. Nf3 Bg7 4. Be2 c6 5. 0-0 0-0 6. c3 Na6 7. Nbd2 Nc7 8. Re1 d6 9. Nf1 f6 10. Ng3 Nf7 11. h3 1/2-1/2

[Event "Wch Seniors 13th"]
[Site "Bad Zwischenahn"]
[Date "2003.??.??"]
[Round "?"]
[White "Pitro, Erwin"]
[Black "Ahlberg, Guenter"]
[Result "0-1"]
[WhiteElo "1945"]
[BlackElo "1930"]
[PlyCount "46"]
[EventDate "2003.11.16"]
[EventType "swiss"]
[EventRounds "11"]
[EventCountry "GER"]
[SourceTitle "CBM 097 Extra"]
[Source "ChessBase"]
[SourceDate "2004.01.13"]
[SourceVersion "1"]
[SourceVersionDate "2004.01.13"]
[SourceQuality "1"]

1. f4 c6 2. Nf3 d5 3. b3 Nf6 4. Bb2 Bg4 5. e3 Nbd7 6. Be2 Bxf3 7. Bxf3 Qc7 8. Bxf6 Nxf6 9. 0-0 e5 10. g3 e4 11. Bg2 Bc5 12. c3 0-0 13. b4 Bb6 14. Na3 a5 15. Nc2 axb4 16. cxb4 d4 17. Nxd4 Bxd4 18. exd4 Rfd8 19. Qe2 Rxd4 20. a3 Qd7 21. Rf2 Rxb4 22. Qd1 Rba4 23. Qc1 Ng4 0-1

[Event "Wch Seniors 13th"]
[Site "Bad Zwischenahn"]
[Date "2003.??.??"]
[Round "?"]
[White "Pitro, Erwin"]
[Black "Lundgren, Bernt"]
[Result "1/2-1/2"]
[WhiteElo "1945"]
[BlackElo "2065"]
[PlyCount "83"]
[EventDate "2003.11.16"]
[EventType "swiss"]
[EventRounds "11"]
[EventCountry "GER"]
[SourceTitle "CBM 097 Extra"]
[Source "ChessBase"]
[SourceDate "2004.01.13"]
[SourceVersion "1"]
[SourceVersionDate "2004.01.13"]
[SourceQuality "1"]

1. g3 d5 2. Nh3 c6 3. Bg2 Bf5 4. f3 Nf6 5. d3 e5 6. Nf2 Bc5 7. e3 0-0 8. 0-0 Re8 9. c3 Qb6 10. Qe2 a5 11. Na3 Nbd7 12. Nc2 h6 13. Kh1 Rad8 14. e4 dxe4 15. dxe4 Be6 16. b3 Nf8 17. Be3 a4 18. b4 Bxe3 19. Nxe3 Qb5 20. Qxb5 cxb5 21. Rfd1 Rxd1+ 22. Nfxd1 Rd8 23. Bf1 Bd7 24. Nf2 Ne6 25. Rd1 Rc8 26. Rd3 Bc6 27. Kg1 Kf8 28. a3 Nd7 29. Nfd1 g6 30. Kf2 Nb6 31. Rd2 Ng7 32. Ng4 Re8 33. Rd6 h5 34. Nge3 Ke7 35. Rd2 f5 36. exf5 gxf5 37. f4 exf4 38. gxf4 Kf8 39. Rd6 Nc8 40. Rd2 Ne7 41. Rd6 Nc8 42. Rd2 1/2-1/2

[Event "Wch Seniors 13th"]
[Site "Bad Zwischenahn"]
[Date "2003.??.??"]
[Round "?"]
[White "Pitro, Erwin"]
[Black "Schwarz, Werner"]
[Result "1/2-1/2"]
[WhiteElo "1945"]
[BlackElo "1725"]
[PlyCount "66"]
[EventDate "2003.11.16"]
[EventType "swiss"]
[EventRounds "11"]
[EventCountry "GER"]
[SourceTitle "CBM 097 Extra"]
[Source "ChessBase"]
[SourceDate "2004.01.13"]
[SourceVersion "1"]
[SourceVersionDate "2004.01.13"]
[SourceQuality "1"]

1. f4 e5 2. d3 Nc6 3. Nf3 d6 4. e4 Be7 5. Be2 Nf6 6. 0-0 0-0 7. a4 h6 8. Na3 exf4 9. Bxf4 Be6 10. b3 a6 11. Nc4 d5 12. exd5 Nxd5 13. Bd2 Bf6 14. Ra3 Nc3 15. Qe1 Nxe2+ 16. Qxe2 Re8 17. Qd1 Bxc4 18. bxc4 Qd6 19. Rb3 b6 20. Re1 Re6 21. Rxe6 Qxe6 22. Qe1 Qxe1+ 23. Bxe1 Re8 24. Kf1 a5 25. Bd2 Ne5 26. Nxe5 Bxe5 27. g3 Re6 28. Rb1 Bd4 29. Bf4 Rf6 30. Kg2 c5 31. h4 Re6 32. Kf1 Rf6 33. Kg2 Re6 1/2-1/2

[Event "Jacques Lemans op 19th"]
[Site "St Veit"]
[Date "2000.??.??"]
[Round "2"]
[White "Piven, Igor"]
[Black "Pitro, Erwin"]
[Result "1-0"]
[WhiteElo "2383"]
[BlackElo "2054"]
[PlyCount "51"]
[EventDate "2000.07.??"]
[EventType "swiss"]
[EventRounds "9"]
[EventCountry "AUT"]
[SourceTitle "EXT 2001"]
[Source "ChessBase"]
[SourceDate "2000.11.22"]
[SourceVersion "1"]
[SourceVersionDate "2000.11.22"]
[SourceQuality "1"]

1. d4 g6 2. e4 Bg7 3. Nc3 c6 4. Nf3 d5 5. h3 dxe4 6. Nxe4 Nf6 7. Nxf6+ Bxf6 8. Bc4 Qd6 9. 0-0 Be6 10. Bxe6 Qxe6 11. Re1 Qd6 12. Bh6 Nd7 13. c4 c5 14. d5 0-0-0 15. Re4 Ne5 16. Nxe5 Bxe5 17. Qa4 a6 18. Rae1 Bf6 19. Bf4 Qb6 20. a3 Rd7 21. b4 Re8 22. bxc5 Qxc5 23. Rb1 e5 24. Rxb7 Rxb7 25. Qxe8+ Bd8 26. Bg5 1-0

[Event "Schwarzach op-B"]
[Site "Schwarzach"]
[Date "1999.??.??"]
[Round "5"]
[White "Kinzlinger, Georg"]
[Black "Pitro, Erwin"]
[Result "0-1"]
[WhiteElo "1775"]
[BlackElo "1840"]
[PlyCount "104"]
[EventDate "1999.08.??"]
[EventType "swiss"]
[EventRounds "9"]
[EventCountry "AUT"]
[SourceTitle "EXT 2000"]
[Source "ChessBase"]
[SourceDate "1999.11.16"]
[SourceVersion "1"]
[SourceVersionDate "1999.11.16"]
[SourceQuality "1"]

1. e4 g6 2. d4 Bg7 3. Nf3 c6 4. Be2 d6 5. 0-0 Nh6 6. c3 0-0 7. Bg5 f6 8. Be3 Nf7 9. Na3 Na6 10. Bxa6 bxa6 11. h3 d5 12. exd5 cxd5 13. Re1 Nd6 14. Qe2 e6 15. c4 dxc4 16. Nxc4 Nxc4 17. Qxc4 Qd5 18. Qxd5 exd5 19. Rac1 Bf5 20. Rc7 Rfc8 21. Rec1 Rxc7 22. Rxc7 Bb1 23. a3 Bf8 24. Rc6 Be7 25. Rxa6 Kf7 26. b4 Bd3 27. Rc6 a5 28. Bd2 axb4 29. Bxb4 Ra7 30. Bc5 Bxc5 31. Rxc5 Ke6 32. Rc3 Bc4 33. Nd2 Ra4 34. Nxc4 dxc4 35. Kf1 Kd5 36. Ke2 Kxd4 37. Kd2 Ra7 38. Kc2 Kc5 39. Rf3 f5 40. g4 f4 41. Rxf4 Rxa3 42. f3 Ra2+ 43. Kc3 Ra3+ 44. Kc2 Kb4 45. h4 Ra2+ 46. Kb1 Rh2 47. Rf7 Rxh4 48. g5 Kc3 49. Rd7 Rh1+ 50. Ka2 Kc2 51. f4 c3 52. Rd4 Rd1 0-1

[Event "Schwarzach op-B"]
[Site "Schwarzach"]
[Date "1999.??.??"]
[Round "3"]
[White "Otto, Klaus"]
[Black "Pitro, Erwin"]
[Result "0-1"]
[WhiteElo "1655"]
[BlackElo "1840"]
[PlyCount "100"]
[EventDate "1999.08.??"]
[EventType "swiss"]
[EventRounds "9"]
[EventCountry "AUT"]
[SourceTitle "EXT 2000"]
[Source "ChessBase"]
[SourceDate "1999.11.16"]
[SourceVersion "1"]
[SourceVersionDate "1999.11.16"]
[SourceQuality "1"]

1. e4 g6 2. d4 Bg7 3. Be3 c6 4. Bd3 d5 5. exd5 cxd5 6. Ne2 Nf6 7. h3 Nc6 8. c3 a6 9. Nd2 0-0 10. 0-0 b5 11. a3 Na5 12. f4 Nc4 13. Nxc4 bxc4 14. Bc2 Bf5 15. Bxf5 gxf5 16. Ng3 e6 17. Nh5 Nxh5 18. Qxh5 Qf6 19. Rae1 Qg6 20. Qxg6 fxg6 21. h4 Kf7 22. g3 Bf6 23. Re2 h6 24. Rh2 Rh8 25. Rff2 Be7 26. Bc1 g5 27. hxg5 hxg5 28. Rxh8 Rxh8 29. Rh2 Rxh2 30. Kxh2 Kg6 31. Kg2 Kh5 32. Kf3 gxf4 33. gxf4 Kh4 34. Bd2 Kh3 35. Bc1 Bh4 36. Bd2 Kh2 37. Be3 Kh1 38. a4 Kh2 39. Bd2 Kg1 40. Ke2 Kg2 41. Be3 Kg3 42. Kd1 Kf3 43. Bd2 Bg3 44. Kc2 Bxf4 45. Be1 Bg3 46. Bd2 Ke2 47. Bg5 f4 48. Bxf4 Bxf4 49. b4 cxb3+ 50. Kxb3 Kd3 0-1

[Event "Schwarzach op-B"]
[Site "Schwarzach"]
[Date "1999.??.??"]
[Round "2"]
[White "Pitro, Erwin"]
[Black "Manzenreiter, Franz"]
[Result "1-0"]
[WhiteElo "1840"]
[BlackElo "1735"]
[PlyCount "79"]
[EventDate "1999.08.??"]
[EventType "swiss"]
[EventRounds "9"]
[EventCountry "AUT"]
[SourceTitle "EXT 2000"]
[Source "ChessBase"]
[SourceDate "1999.11.16"]
[SourceVersion "1"]
[SourceVersionDate "1999.11.16"]
[SourceQuality "1"]

1. f4 e6 2. Nf3 Nc6 3. e3 Nf6 4. b3 d5 5. Bb2 Bc5 6. Bb5 Bd7 7. Bxc6 Bxc6 8. Ne5 Bb5 9. Qf3 c6 10. Nc3 Ba6 11. Ne2 Bxe2 12. Qxe2 d4 13. e4 Qb6 14. Nd3 Be7 15. 0-0 0-0-0 16. Kh1 h5 17. a4 a5 18. Ne5 Rdf8 19. Nc4 Qa7 20. c3 c5 21. cxd4 Kb8 22. dxc5 Bxc5 23. Be5+ Ka8 24. Bc7 Ng4 25. h3 b6 26. b4 Bd4 27. Bd6 Rc8 28. Rab1 Qd7 29. bxa5 e5 30. fxe5 Nf2+ 31. Rxf2 Bxf2 32. Qxf2 Rxc4 33. Qxb6 Rc6 34. Qb5 Rhc8 35. Kh2 g5 36. a6 Rxd6 37. exd6 Qxb5 38. axb5 Ka7 39. d7 Rd8 40. b6+ 1-0

[Event "Wch Seniors 08th"]
[Site "Grieskirchen"]
[Date "1998.11.12"]
[Round "4"]
[White "Bonnaire, Rudolf"]
[Black "Pitro, Erwin"]
[Result "1-0"]
[WhiteElo "1956"]
[BlackElo "1978"]
[PlyCount "153"]
[EventDate "1998.11.08"]
[EventType "swiss"]
[EventRounds "11"]
[EventCountry "AUT"]
[SourceTitle "CBM 067 Extra"]
[Source "ChessBase"]
[SourceDate "1999.01.01"]
[SourceVersion "1"]
[SourceVersionDate "1999.01.01"]
[SourceQuality "1"]

1. e4 g6 2. Bc4 Bg7 3. c3 c6 4. d4 d5 5. exd5 cxd5 6. Bd3 Nf6 7. Bf4 Nc6 8. Ne2 0-0 9. Nd2 Bd7 10. 0-0 e6 11. f3 Ne7 12. g4 Bc6 13. Qe1 Qd7 14. Rc1 Nc8 15. h4 h5 16. g5 Ne8 17. Rf2 Ncd6 18. Ng3 Nf5 19. Nxf5 exf5 20. Re2 Nd6 21. Qg3 Rfd8 22. Rce1 Bf8 23. Be5 Re8 24. b3 Re6 25. Bf6 Rae8 26. Rxe6 Rxe6 27. Rxe6 Qxe6 28. Qe5 Qxe5 29. Bxe5 Nb5 30. c4 Nc3 31. a4 Bb4 32. Bf4 dxc4 33. Bxc4 Nd5 34. Bxd5 Bxd5 35. Kf2 Ba3 36. Nc4 Bb4 37. Ke2 Ba3 38. Be3 Kf8 39. Bf2 Ke7 40. f4 a6 41. Kd3 Bb4 42. Kc2 Be4+ 43. Kc1 Bd5 44. Kb2 Be6 45. Kc2 Kd7 46. Ne3 Kc6 47. Bg3 b5 48. axb5+ Kxb5 49. Bf2 Kc6 50. Bg3 Bd6 51. Kc3 Bc7 52. b4 Bd5 53. Bh2 Be6 54. Bg3 Bb6 55. Nc4 Ba7 56. Ne3 Bb8 57. Ng2 Kb5 58. Ne1 Bd6 59. Nd3 Bc4 60. Nc5 Bf1 61. Bh2 Kc6 62. Bg3 Bc7 63. Bh2 a5 64. Nb3 axb4+ 65. Kxb4 Kd5 66. Kc3 Bc4 67. Nc5 Ba5+ 68. Kc2 Be1 69. Nd3 Bxh4 70. Ne5 Ke4 71. Nxc4 Kxd4 72. Ne5 Ke3 73. Nxf7 Kf2 74. Nh8 Kg2 75. Nxg6 Bf2 76. Ne7 Bd4 77. Nxf5 1-0

[Event "Wch Seniors 08th"]
[Site "Grieskirchen"]
[Date "1998.11.11"]
[Round "3"]
[White "Pitro, Erwin"]
[Black "Mani, Martin"]
[Result "1/2-1/2"]
[WhiteElo "1978"]
[BlackElo "1748"]
[PlyCount "108"]
[EventDate "1998.11.08"]
[EventType "swiss"]
[EventRounds "11"]
[EventCountry "AUT"]
[SourceTitle "CBM 067 Extra"]
[Source "ChessBase"]
[SourceDate "1999.01.01"]
[SourceVersion "1"]
[SourceVersionDate "1999.01.01"]
[SourceQuality "1"]

1. b3 d5 2. Bb2 Nf6 3. e3 Nc6 4. f4 e6 5. Nf3 Bd7 6. Bb5 Ne7 7. Be2 c5 8. Ne5 Nc6 9. Nxd7 Qxd7 10. 0-0 d4 11. Bf3 Rd8 12. e4 Qc7 13. g3 Rg8 14. d3 g5 15. fxg5 Rxg5 16. Bg2 Ng4 17. Bc1 Rg6 18. Qe2 Qe5 19. Bf4 Qg7 20. Bf3 Nce5 21. Bxe5 Nxe5 22. Qg2 Bd6 23. Be2 Ng4 24. Bxg4 Rxg4 25. Rf3 h5 26. Nd2 h4 27. Nf1 hxg3 28. Nxg3 Bxg3 29. Rxg3 Rxg3 30. hxg3 e5 31. Rf1 Rd6 32. Qh3 Ke7 33. Rf3 Qh6 34. Qxh6 Rxh6 35. Rf5 Ke6 36. Kg2 b5 37. Rg5 Rh8 38. g4 a5 39. Kg3 Rc8 40. Rh5 c4 41. Rh6+ Ke7 42. Ra6 cxd3 43. cxd3 Rc3 44. Rxa5 Rxd3+ 45. Kf2 Kd6 46. g5 Ke6 47. Rxb5 Rd2+ 48. Kf3 Rxa2 49. Rb6+ Ke7 50. b4 Ra1 51. Kf2 Rb1 52. b5 Rb2+ 53. Kf3 Rb3+ 54. Kf2 Rb2+ 1/2-1/2